000 00634nam a2200193 i 4500
001 157309
003 ES-MaACL
005 20251004063205.0
008 990615s1874 fr |||| | fre d
040 _aCCPB | B
_bspa
_cCCPB | B
100 1 _aLaveleye, Émile de,
_d1822-1892
_970700
245 1 0 _aDe la propriété et de ses formes primitives /
_cpar Émile de Laveleye.
260 _aParis :
_bLibrairie Germer Baillière,
_c1874.
300 _a[4], XIV, 395 p. ;
_c22 cm.
597 _aAntep.
650 7 _aPropiedad rústica
_2embne
_9136780
852 _aES-MaACL
_jB-6825
_z-- Enc. hol.
999 _c157309
_d157309